Únětické hroby na lokalitě Kozly, okr
| Titel: | Únětické hroby na lokalitě Kozly, okr : Louny |
|---|---|
| Verfasser: | |
| In: |
Pravěk, Band 13 (2003), Seite 119-134, 6 obr. alle Artikel anzeigen |
| Veröffentlicht: | 2003 [2005] |
| Format: | Aufsatz |
| Sprache: | Tschechisch |
X
alg: 39170711
001A $01999:11-11-16
001B $01999:28-04-17 $t14:28:31.000
001C $06050:19-11-16 $t08:53:07.000
001D $01999:11-11-16
001U $0utf8
001X $00
002@ $0Aox
003@ $0391707116
007A $0391707116 $aHEB
007T $0Herd73140
010@ $acze
011@ $a2003 $n2003 [2005]
021A $aÚnětické hroby na lokalitě Kozly, okr $dLouny
028A $aPůlpán $dMarek
031A $d13 $h119-134, 6 obr. $j2003
037A $aněm. res. 128: Gräber der Aunjetitzer Kultur in der Fundstelle Kozly, Kr. Louny
039B $aIn $8--Abvc--. Pravěk. - Brno {[u.a.] : Ústav Archeologické Památkové Péče Brno, 1903-. - ISSN 1211-8338 $x200300000130000881 $9047306319
045T $a6,11 $a6,12
lok: 39170711 78
exp: 39170711 78 1 #EPN
201B/01 $025-10-18 $t06:46:01.000
201U/01 $0utf8
203@/01 $078780181X
208@/01 $a11-11-16 $be
209A/01 $a/ $f000 $x00
220C/01 $aTitelaufnehmer: rk;kh
244Z/01 $#Tschechien $#Tschechische Republik $#Tschechische Republik $#Tschechenland $#Tschechei Tschechien $#Česká Republika $#Czech Republic $#ČR $74303381-7 $8--Tg1--Tschechien $x01 $9086659812
244Z/01 $2Trx $#Böhmen $#Bohemia $#Czechy $8--Trx--Čechy $x02 $9391188941
244Z/01 $#Laun Bezirk $#Okres Louny $#Bezirk Laun $74270533-2 $8--Tg1--Bezirk Laun $x03 $908644848X
244Z/01 $2Trx $#arheoloogia uurimused $#archeologiniai tyrimai $#archaeology research $#régészet vizsgálatok $#archeologia, badania $#archeológia, výskumy $#archeologie, výzkumy $8--Trx--Archäologie$gUntersuchungen $x04 $9391380192
244Z/01 $2Trx $#hauad arheoloogia $#kapai archeologija $#Graves archaeology $#sírásók régészet $#archeologia, pochówki $#archeológia, hroby $#archeologie, hroby $#groby archeologia $8--Trx--Gräber$gArchäologie $x05 $9391372920
244Z/01 $2Trx $#Unetice kultuur $#bronzos epochos kultūra $#Unetice culture $#uneticei kultúra $#kultura unietycka $#kultúra unetická $#kultura únětická $8--Trx--Aunjetitzer Kultur $x06 $9391372858
244Z/01 $2Trx $8--Trx--Zeitschriftenaufsatz $x07 $9391384341
245Z/01 $a05.02 $x01
247C/01 $82080>Marburg/Lahn, Herder-Institut, Forschungsbibliothek, Bibliographieportal $9336309341
| LEADER | 00000caa a22000002c 4500 | ||
|---|---|---|---|
| 001 | 391707116 | ||
| 003 | DE-603 | ||
| 005 | 20170428142831.0 | ||
| 007 | tu | ||
| 008 | 161111s2003 xx |||| | u00||u|cze c | ||
| 035 | |a (DE-599)HEB391707116 | ||
| 040 | |a DE-603 |b ger |c DE-603 |d DE-603 | ||
| 041 | |a cze | ||
| 084 | |a 6,11 |a 6,12 |2 ssgn | ||
| 100 | 1 | |a Půlpán, Marek | |
| 245 | 0 | 0 | |a Únětické hroby na lokalitě Kozly, okr |b Louny |
| 264 | 0 | |c 2003 [2005] | |
| 500 | |a něm. res. 128: Gräber der Aunjetitzer Kultur in der Fundstelle Kozly, Kr. Louny | ||
| 773 | 0 | 8 | |i In |t Pravěk |d Brno [u.a.] : Ústav Archeologické Památkové Péče Brno, 1903- |x 1211-8338 |g Band 13 (2003), Seite 119-134, 6 obr. |w (DE-603)047306319 |w (DE-600)209024-7 |
| 924 | 0 | |9 2080 |a (DE-603)78780181X |b DE-2080 |c HES |d d |g / | |


